000 00654nam a22001937a 4500
005 20260609160531.0
010 _aENG-148773
020 _a9788126041589
_c180.00
035 _aEN-132305
037 _bDBAD
082 _21
_a881
245 _aMarathi Poetry 1975-2000/
_cCompiled and Translated By Santosh Bhoomkar
250 _a1
260 _aNew Delhi
_bSahitya Akademi
_c2013
270 _aRabindra Bhavan, 35, Ferozeshah Road
_bNew Delhi
_e110001
_k01123386626/27/28
_mSecretary@sahitya-akademi.gov.in
300 _a185p.
_c21cm(Pb)
700 _aBhoomkar, Santosh
_eTranslator and Compilor
_989347
942 _2ddc
_cEN
_mMAR
_h881
999 _c216583
_d216583